01188cam a22002411 4500001001300000003000400013005001700017008004100034010002300075040002200098050001400120100003600134245015200170260009800322300005500420500004500475504007700520504014000597504009500737650001700832710008000849999001700929g 01002181 DLC20260227111257.0840927s1897 gw c b 00010dger  ag 01002181 //r953 aDLC/ICUcICUdDLC00aQA3b.H5810aHesse, Ludwig Otto,d1811-1874.00aLudwig Otto Hesse's gesammelte werke.cHrsg. von der Mathematisch-physikalischen classe der Königlich bayerischen akademie der wissenschaften ...0 aMünchen,bVerlag der K. Akademie, In commission des G. Franz'schen verlags (J. Roth)c1897. aviii p., 1 l., 732 p.bfront. (port.)c30 x 24 cm. a"Otto Hesse's lebenslauf": p. [711]-722. a"Verzeichniss der selbständig erschienenen werke O. Hesse's": p. [723] a"Wissenschaftlicher nachlass O. Hesse's, im besitz des Mathematischen instituts der Technischen hochschule zu München": p. [724]-727. a"Manuscripte O. Hesse's im besitz der K. Hof- und staatsbibliothek zu München": p. [728] 0aMathematics.20aBayerische Akademie der Wissenschaften.bMathematisch-Physikalische Klasse. c23923d23923